[Event "Europa ch Femenino 2013"]
[Site "Belgrado SER"]
[Date "2013.07.28"]
[Round "6.1"]
[White "Goryachkina, Aleksandra"]
[Black "Khurtsidze, Nino"]
[Result "0-1"]
[WhiteElo "2401"]
[BlackElo "2443"]
[PlyCount "116"]
[EventDate "2013.07.23"]
[EventType "swiss"]
[EventRounds "11"]
[EventCountry "SER"]
[Source "lmi"]
[SourceDate "2013.07.22"]

1. d4 Nf6 2. c4 e6 3. Nf3 Bb4+ 4. Nbd2 O-O 5. a3 Be7 6. e3 b6 7. Bd3 Bb7 8. O-O
c5 9. b3 d5 10. Bb2 Nbd7 11. Qe2 Qc7 12. Rac1 Rac8 13. Rfd1 Qb8 14. cxd5 Nxd5
15. Bb5 Rfd8 16. e4 Nf4 17. Qe3 Nf6 18. h3 Ng6 19. dxc5 Bxc5 20. Qe1 Qa8 21.
Bxf6 gxf6 22. b4 Bf8 23. Qe3 Rxc1 24. Rxc1 Rc8 25. Rxc8 Qxc8 26. Bc4 Bd6 27.
Qd4 Be7 28. h4 Qd8 29. Qe3 Bd6 30. g3 Ne5 31. Nxe5 Bxe5 32. Nf3 Qd1+ 33. Kh2
Bb2 34. Be2 Qc1 35. Qd3 Bxa3 36. Qd8+ Kg7 37. Nd4 Qc8 38. Qe7 Bxe4 39. Ba6 Bxb4
40. Qxb4 Qxa6 41. Nxe6+ fxe6 42. Qxe4 Qc8 43. Qg4+ Kf8 44. h5 Qc5 45. Qxe6
Qxh5+ 46. Kg2 Qe5 47. Qc8+ Kf7 48. Qd7+ Qe7 49. Qf5 a5 50. Qxh7+ Ke6 51. Qe4+
Kd6 52. Qd4+ Kc6 53. Qa4+ Kb7 54. g4 Qe6 55. Kg3 Ka6 56. Qd4 b5 57. f4 a4 58.
Qb4 Qb3+ 0-1

[Event "Europa ch Femenino 2013"]
[Site "Belgrado SER"]
[Date "2013.07.28"]
[Round "6.2"]
[White "Muzychuk, Anna"]
[Black "Daulyte, Deimante"]
[Result "1/2-1/2"]
[WhiteElo "2594"]
[BlackElo "2363"]
[PlyCount "139"]
[EventDate "2013.07.23"]
[EventType "swiss"]
[EventRounds "11"]
[EventCountry "SER"]
[Source "lmi"]
[SourceDate "2013.07.22"]

1. e4 d5 2. exd5 Qxd5 3. Nc3 Qa5 4. d4 Nf6 5. Bd2 Bg4 6. f3 Bd7 7. Bc4 Qb6 8.
Nge2 e6 9. O-O Be7 10. b4 O-O 11. Rb1 a5 12. b5 a4 13. Be3 Rd8 14. Qd3 Be8 15.
Ne4 Nd5 16. Bd2 Nd7 17. Kh1 Qa7 18. a3 Rac8 19. Ba2 c5 20. bxc6 Rxc6 21. c4
N5f6 22. Nxf6+ Bxf6 23. Be3 Qa6 24. Qe4 Be7 25. Nc3 Bxa3 26. c5 Bb2 27. Nxa4
Nf6 28. Qc2 Bxd4 29. Rfd1 e5 30. Bxd4 exd4 31. Bc4 Qa7 32. Ra1 Qb8 33. Nb2 Qc8
34. Nd3 b6 35. Ra7 bxc5 36. Re1 Rc7 37. Ba6 Qb8 38. Rxc7 Qxc7 39. Qxc5 Qxc5 40.
Nxc5 Kf8 41. Rd1 Rd5 42. Nd3 Bd7 43. Kg1 Bf5 44. Nf4 Rd6 45. Bd3 Nd5 46. Nxd5
Bxd3 47. Rxd3 Rxd5 48. Kf2 Ke7 49. Ke2 h5 50. Rd2 Ke6 51. Kd3 Kf5 52. Re2 g5
53. Re4 h4 54. g3 h3 55. Rxd4 Ra5 56. Ke3 Ra1 57. g4+ Ke5 58. Re4+ Kf6 59. Kf2
Ra3 60. Rb4 Ra8 61. Kg3 Rh8 62. f4 gxf4+ 63. Kxf4 Kg6 64. Rb6+ f6 65. Rb5 Rh4
66. Rb8 Rh7 67. Kg3 Rh6 68. Rb7 Rh8 69. Ra7 Rh6 70. Rb7 1/2-1/2

[Event "Europa ch Femenino 2013"]
[Site "Belgrado SER"]
[Date "2013.07.28"]
[Round "6.3"]
[White "Pogonina, Natalija"]
[Black "Dzagnidze, Nana"]
[Result "1/2-1/2"]
[WhiteElo "2478"]
[BlackElo "2558"]
[PlyCount "101"]
[EventDate "2013.07.23"]
[EventType "swiss"]
[EventRounds "11"]
[EventCountry "SER"]
[Source "lmi"]
[SourceDate "2013.07.22"]

1. d4 Nf6 2. c4 e6 3. Nf3 b6 4. g3 Bb4+ 5. Bd2 Bxd2+ 6. Qxd2 Ba6 7. b3 O-O 8.
Bg2 d5 9. cxd5 Ne4 10. Qb2 exd5 11. O-O Nd7 12. Re1 Re8 13. e3 c5 14. Nc3 cxd4
15. exd4 Ndf6 16. Ne5 Nxc3 17. Qxc3 Ne4 18. Qf3 f6 19. Ng4 Rc8 20. Ne3 Bb7 21.
Qg4 g6 22. h4 Rc7 23. Rac1 Rf7 24. Rc2 f5 25. Qf4 Qf6 26. Rd1 Kg7 27. Rc7 Ree7
28. Rxe7 Rxe7 29. Bf3 Rf7 30. Bxe4 fxe4 31. Qxf6+ Kxf6 32. Rc1 Ke6 33. Ng4 Kd6
34. Ne5 Rf8 35. b4 Ra8 36. a4 a5 37. b5 Rc8 38. Rxc8 Bxc8 39. g4 h5 40. g5 Bf5
41. Kf1 e3 42. fxe3 Bc2 43. Ke1 Bxa4 44. Nxg6 Bxb5 45. Kd2 a4 46. Kc3 Be2 47.
Kb4 b5 48. Nf4 Bf3 49. Ka3 Ke7 50. Kb4 Kd6 51. Ka3 1/2-1/2

[Event "Europa ch Femenino 2013"]
[Site "Belgrado SER"]
[Date "2013.07.28"]
[Round "6.4"]
[White "Lagno, Kateryna"]
[Black "Hoang, Thanh Trang"]
[Result "0-1"]
[WhiteElo "2542"]
[BlackElo "2467"]
[PlyCount "108"]
[EventDate "2013.07.23"]
[EventType "swiss"]
[EventRounds "11"]
[EventCountry "SER"]
[Source "lmi"]
[SourceDate "2013.07.22"]

1. e4 e6 2. d4 d5 3. Nc3 Bb4 4. e5 c5 5. a3 Bxc3+ 6. bxc3 Qa5 7. Bd2 Qa4 8. h4
Nc6 9. h5 h6 10. Nf3 Nge7 11. Rh4 c4 12. Rf4 Bd7 13. Nh4 Nf5 14. Nxf5 exf5 15.
Be2 Ne7 16. Rh4 O-O-O 17. Qc1 b6 18. Rb1 Kb7 19. Rb4 Qc6 20. a4 a5 21. Rb1 Qxa4
22. Bf3 Ka6 23. Rh1 Rhe8 24. Bf4 Be6 25. Kd2 Nc8 26. Ra1 Qc6 27. Qb2 Na7 28.
Rhb1 b5 29. Ra2 Qc7 30. Rxa5+ Kxa5 31. Ra1+ Kb6 32. Qa3 Qb8 33. Qa6+ Kc7 34.
Qxa7+ Qxa7 35. Rxa7+ Kb6 36. Ra1 Ra8 37. Rg1 Rg8 38. Rh1 Ra2 39. Rh3 Kc6 40.
Rg3 Raa8 41. Bd1 Kd7 42. Be2 Ke7 43. Bf3 Kf8 44. Rh3 Ra1 45. Be2 Rh8 46. Bf3
Kg8 47. g3 Kh7 48. Rh1 Rxh1 49. Bxh1 Ra8 50. Bf3 Ra1 51. Be2 g5 52. Be3 Kg7 53.
Bf3 f4 54. gxf4 g4 0-1

[Event "Europa ch Femenino 2013"]
[Site "Belgrado SER"]
[Date "2013.07.28"]
[Round "6.5"]
[White "Mkrtchian, Lilit"]
[Black "Khotenashvili, Bela"]
[Result "1/2-1/2"]
[WhiteElo "2454"]
[BlackElo "2512"]
[PlyCount "81"]
[EventDate "2013.07.23"]
[EventType "swiss"]
[EventRounds "11"]
[EventCountry "SER"]
[Source "lmi"]
[SourceDate "2013.07.22"]

1. c4 e5 2. Nc3 Nf6 3. Nf3 Nc6 4. g3 d5 5. cxd5 Nxd5 6. Bg2 Nb6 7. O-O Be7 8.
a3 a5 9. d3 O-O 10. Be3 Bg4 11. Rc1 Re8 12. Na4 Nd5 13. Nc5 Nxe3 14. fxe3 Bxc5
15. Rxc5 Qd6 16. Qc1 Re7 17. Rf2 Bxf3 18. Bxf3 Nd8 19. Qc3 a4 20. Bg2 g6 21.
Rf1 h5 22. Ra5 Rxa5 23. Qxa5 Qd7 24. Qd5 Qxd5 25. Bxd5 c6 26. Bg2 Rc7 27. Rc1
Kf8 28. Rc4 b5 29. Rc5 f6 30. Be4 Kf7 31. h4 f5 32. Bf3 Kf6 33. Kf2 Rd7 34. e4
Rd6 35. exf5 Kxf5 36. Be4+ Kf6 37. Ke3 Re6 38. Rc1 Ke7 39. Rf1 Nf7 40. Rc1 Nd8
41. Rf1 1/2-1/2

[Event "Europa ch Femenino 2013"]
[Site "Belgrado SER"]
[Date "2013.07.28"]
[Round "6.6"]
[White "Rakic, Marija"]
[Black "Milliet, Sophie"]
[Result "1/2-1/2"]
[WhiteElo "2294"]
[BlackElo "2396"]
[PlyCount "112"]
[EventDate "2013.07.23"]
[EventType "swiss"]
[EventRounds "11"]
[EventCountry "SER"]
[Source "lmi"]
[SourceDate "2013.07.22"]

1. d4 Nf6 2. c4 c5 3. d5 b5 4. cxb5 a6 5. bxa6 g6 6. Nc3 Bxa6 7. e4 Bxf1 8.
Kxf1 d6 9. Nf3 Bg7 10. h3 O-O 11. Kg1 Qb6 12. Kh2 Na6 13. Re1 Nb4 14. Re2 Nd7
15. Bg5 Rfe8 16. a3 Qa6 17. Rd2 c4 18. Be3 Nd3 19. Bd4 Bxd4 20. Nxd4 Qb6 21.
Ncb5 N7c5 22. Qe2 e5 23. dxe6 fxe6 24. Nc3 Na4 25. Ndb5 Ra5 26. Nxa4 Qxb5 27.
Nc3 Qe5+ 28. g3 Nxb2 29. Rxb2 Qxc3 30. Rd1 Qxa3 31. Rb6 c3 32. Rbxd6 Qb2 33.
Qxb2 cxb2 34. Rb1 Rb8 35. Rd2 Rab5 36. e5 g5 37. g4 Kf7 38. Kg2 Rb3 39. Rd7+
Kg6 40. Rd6 R8b6 41. Rd2 h5 42. Kh2 R6b4 43. Rc2 Rb5 44. Kg2 R3b4 45. Kg3 Rb3+
46. Kg2 R5b4 47. Kh2 hxg4 48. hxg4 Kf7 49. Rd2 Ke7 50. Rc2 Kf7 51. Rd2 Kg6 52.
Re2 Rxg4 53. Rbxb2 Rf3 54. Rb6 Kf5 55. Rb8 Rff4 56. f3 Rh4+ 1/2-1/2

[Event "Europa ch Femenino 2013"]
[Site "Belgrado SER"]
[Date "2013.07.28"]
[Round "6.1"]
[White "Gunina, Valentina"]
[Black "Peptan, Corina-Isabela"]
[Result "1-0"]
[WhiteElo "2507"]
[BlackElo "2439"]
[PlyCount "169"]
[EventDate "2013.07.23"]
[EventType "swiss"]
[EventRounds "11"]
[EventCountry "SER"]
[Source "lmi"]
[SourceDate "2013.07.22"]

1. d4 Nf6 2. c4 e6 3. Nc3 Bb4 4. Qc2 c5 5. dxc5 O-O 6. Nf3 Na6 7. g3 Nxc5 8.
Bg2 Nce4 9. O-O Nxc3 10. bxc3 Bc5 11. e4 h6 12. e5 Ne8 13. Bf4 Rb8 14. Rad1 b6
15. Nd4 Qe7 16. Qa4 a6 17. Be4 f5 18. exf6 Nxf6 19. Bg6 d6 20. Rfe1 Ng4 21. Bb1
Rxf4 22. gxf4 Bd7 23. Qc2 Qh4 24. f3 Nf6 25. Kg2 Re8 26. Qf2 Qxf2+ 27. Kxf2 e5
28. fxe5 dxe5 29. Kg2 exd4 30. Rxe8+ Bxe8 31. cxd4 Bd6 32. Bf5 Kf8 33. Rb1 Bc7
34. Bc8 a5 35. c5 bxc5 36. dxc5 Bc6 37. h3 Nd5 38. Kf2 Nb4 39. Ke3 Nxa2 40. Kd4
Nb4 41. Kc4 Ke7 42. Re1+ Kd8 43. Bg4 g6 44. Be6 Bxf3 45. Bf7 g5 46. Re8+ Kd7
47. Rh8 Be2+ 48. Kd4 Nc2+ 49. Kd5 Bf3+ 50. Kc4 Ne3+ 51. Kd3 Nf5 52. Rh7 Ne7 53.
Rxh6 a4 54. Be6+ Kc6 55. Bg4+ Kxc5 56. Bxf3 Bf4 57. Ra6 Kb5 58. Re6 Nc8 59.
Bc6+ Ka5 60. Re4 Nb6 61. Kc3 Bd6 62. Re6 Bf4 63. Re7 Nc8 64. Re4 a3 65. Kb3 Bd6
66. Re6 Bc5 67. Re5 Kb6 68. Bd7 Nd6 69. Rxg5 Ne4 70. Rg6+ Kc7 71. Bf5 Nd2+ 72.
Ka2 Nf3 73. Be4 Nd4 74. h4 Kd7 75. Bd3 Nf3 76. h5 Ke7 77. Be4 Ne5 78. Ra6 Nf7
79. Bd5 Nh8 80. Ra8 Nf7 81. Ra5 Bd4 82. Ra4 Bc5 83. Re4+ Kf6 84. Rf4+ Ke5 85.
Rxf7 1-0

[Event "Europa ch Femenino 2013"]
[Site "Belgrado SER"]
[Date "2013.07.28"]
[Round "6.2"]
[White "Girya, Olga"]
[Black "Cmilyte, Viktorija"]
[Result "1/2-1/2"]
[WhiteElo "2437"]
[BlackElo "2497"]
[PlyCount "124"]
[EventDate "2013.07.23"]
[EventType "swiss"]
[EventRounds "11"]
[EventCountry "SER"]
[Source "lmi"]
[SourceDate "2013.07.22"]

1. e4 c5 2. Nc3 e6 3. Nf3 Nc6 4. g3 d5 5. Bg2 Nf6 6. exd5 exd5 7. d4 cxd4 8.
Nxd4 Bg4 9. Nxc6 bxc6 10. Qd4 Be7 11. O-O O-O 12. Re1 Re8 13. Bf4 Qb6 14. Be5
Bc5 15. Qd2 Nd7 16. Bf4 Qxb2 17. Na4 Qf6 18. Nxc5 Nxc5 19. Qb4 Ne6 20. Be5 Qf5
21. Qc3 f6 22. Bd6 Red8 23. Be7 Re8 24. Qxc6 Rac8 25. Qd7 Nc7 26. Qxf5 Bxf5 27.
Bc5 Bxc2 28. Bxa7 Be4 29. f3 Bd3 30. a4 Na6 31. Bh3 Ra8 32. Bb6 Kf7 33. Bd7
Rxe1+ 34. Rxe1 Rb8 35. a5 Bc4 36. Be6+ Kg6 37. g4 Nb4 38. Bf5+ Kf7 39. Be6+ Kg6
40. h4 Nd3 41. Ra1 Ra8 42. h5+ Kh6 43. Rd1 g6 44. Be3+ Kg7 45. h6+ Kf8 46. Bb6
Ke7 47. Bxd5 Bxd5 48. Rxd3 Ke6 49. Rc3 g5 50. Rc7 Bxf3 51. Rxh7 Bxg4 52. Rg7
Rh8 53. h7 Bf5 54. Rg8 Rxh7 55. a6 Be4 56. Re8+ Re7 57. Rxe7+ Kxe7 58. Be3 Ke6
59. Kf2 Kf5 60. Kg3 Ba8 61. Bd4 Kg6 62. a7 f5 1/2-1/2

[Event "Europa ch Femenino 2013"]
[Site "Belgrado SER"]
[Date "2013.07.28"]
[Round "6.3"]
[White "Gaponenko, Inna"]
[Black "Kosteniuk, Alexandra"]
[Result "0-1"]
[WhiteElo "2393"]
[BlackElo "2489"]
[PlyCount "112"]
[EventDate "2013.07.23"]
[EventType "swiss"]
[EventRounds "11"]
[EventCountry "SER"]
[Source "lmi"]
[SourceDate "2013.07.22"]

1. e4 c6 2. d4 d5 3. exd5 cxd5 4. c4 Nf6 5. Nc3 Nc6 6. Bg5 dxc4 7. Bxc4 h6 8.
Bh4 Qxd4 9. Qxd4 Nxd4 10. O-O-O g5 11. Rxd4 gxh4 12. Nb5 e5 13. Nc7+ Ke7 14.
Rd1 Bg4 15. Nxa8 Bxd1 16. Kxd1 Bg7 17. Nf3 Rxa8 18. Nxe5 Rd8+ 19. Ke2 Rd4 20.
Re1 Ne4 21. Nf3 Rxc4 22. Kd3 Rb4 23. Rxe4+ Rxe4 24. Kxe4 h3 25. g3 Bxb2 26. Ng1
Kd6 27. Nxh3 Kc5 28. Kd3 Kb4 29. Kc2 Ka3 30. Kb1 Bd4 31. g4 f6 32. Nf4 Bxf2 33.
Nd5 Bh4 34. Ne7 Bg5 35. Nc8 a6 36. Nd6 b5 37. Nb7 Kb4 38. h3 Bf4 39. Nd8 Kc3
40. Ne6 Bd6 41. h4 Kc4 42. Kc2 Kd5 43. Ng7 Ke4 44. Nf5 Bf4 45. Ne7 Kf3 46. Nd5
Be5 47. Nb4 a5 48. Nc6 Kxg4 49. Nxa5 Kxh4 50. Kd3 Kg3 51. Ke2 Kg2 52. Nc6 h5
53. Ne7 h4 54. Nf5 h3 55. Nh4+ Kg3 56. Nf5+ Kf4 0-1

[Event "Europa ch Femenino 2013"]
[Site "Belgrado SER"]
[Date "2013.07.28"]
[Round "6.4"]
[White "Stefanova, Antoaneta"]
[Black "Melia, Salome"]
[Result "0-1"]
[WhiteElo "2497"]
[BlackElo "2428"]
[PlyCount "62"]
[EventDate "2013.07.23"]
[EventType "swiss"]
[EventRounds "11"]
[EventCountry "SER"]
[Source "lmi"]
[SourceDate "2013.07.22"]

1. d4 Nf6 2. c4 e6 3. Nc3 Bb4 4. e3 O-O 5. Bd3 d5 6. Nge2 c5 7. cxd5 cxd4 8.
exd4 Nxd5 9. O-O Nc6 10. Nxd5 exd5 11. Nf4 Bd6 12. Re1 Qf6 13. Nxd5 Qxd4 14.
Be3 Qh4 15. g3 Qg4 16. Be2 Qg6 17. Qa4 Bf5 18. Qh4 Rfe8 19. Bh5 Qe6 20. Rad1
Rad8 21. Nc3 Be7 22. Qa4 Bb4 23. Bf3 Bxc3 24. bxc3 Ne5 25. Bxb7 Nd3 26. Qa5 Bg4
27. Bg5 Nxe1 28. Rxd8 Nf3+ 29. Bxf3 Qe1+ 30. Kg2 Bxf3+ 31. Kh3 Qe6+ 0-1

[Event "Europa ch Femenino 2013"]
[Site "Belgrado SER"]
[Date "2013.07.28"]
[Round "6.7"]
[White "Bodnaruk, Anastasia"]
[Black "Arabidze, Meri"]
[Result "0-1"]
[WhiteElo "2440"]
[BlackElo "2320"]
[PlyCount "102"]
[EventDate "2013.07.23"]
[EventType "swiss"]
[EventRounds "11"]
[EventCountry "SER"]
[Source "lmi"]
[SourceDate "2013.07.22"]

1. e4 c5 2. Nf3 e6 3. d4 cxd4 4. Nxd4 a6 5. Bd3 Nf6 6. O-O Qc7 7. c4 Nc6 8.
Nxc6 dxc6 9. Nc3 e5 10. h3 Bc5 11. Be3 Bxe3 12. fxe3 Qe7 13. a3 h5 14. b4 Be6
15. Be2 h4 16. Qa4 Kf8 17. Qa5 Rh6 18. Qxe5 Rg6 19. Rf2 Nd7 20. Qf4 Rg3 21.
Raf1 Bxh3 22. Qxf7+ Qxf7 23. Rxf7+ Ke8 24. Kh2 Bxg2 25. R1f2 Bh3 26. Bh5 g6 27.
Bxg6 Ne5 28. Bh5 Nxf7 29. Rxf7 Bg4 30. Rh7+ Bxh5 31. Rh8+ Ke7 32. Rxa8 Rxe3 33.
Rh8 Bf7 34. Na4 Rxa3 35. Nc5 b6 36. Nb7 Ra2+ 37. Kg1 Rb2 38. e5 Bxc4 39. Rxh4
Rxb4 40. Rh7+ Kf8 41. Nd6 Bd5 42. Ra7 a5 43. Kf2 a4 44. Ke3 b5 45. Kd3 Rg4 46.
Nc8 a3 47. Nb6 Be6 48. Na8 a2 49. Nc7 Bc4+ 50. Ke3 Rg1 51. e6 a1=Q 0-1

[Event "Europa ch Femenino 2013"]
[Site "Belgrado SER"]
[Date "2013.07.28"]
[Round "6.8"]
[White "Cosma, Elena-Luminita"]
[Black "Socko, Monika"]
[Result "0-1"]
[WhiteElo "2329"]
[BlackElo "2435"]
[PlyCount "122"]
[EventDate "2013.07.23"]
[EventType "swiss"]
[EventRounds "11"]
[EventCountry "SER"]
[Source "lmi"]
[SourceDate "2013.07.22"]

1. Nf3 Nf6 2. g3 e6 3. Bg2 d5 4. O-O c5 5. d4 cxd4 6. Nxd4 e5 7. Nb3 Be6 8. c4
Nc6 9. cxd5 Bxd5 10. Nc3 Bxg2 11. Kxg2 Bb4 12. Bd2 O-O 13. a3 Bxc3 14. Bxc3 Qb6
15. Qc2 Rac8 16. Rac1 h5 17. Nd2 Nd4 18. Qd1 Rfd8 19. e3 Nf5 20. Qf3 Qe6 21.
Ne4 Nxe4 22. Qxe4 Rd5 23. Rfd1 Rcd8 24. Rxd5 Rxd5 25. Bb4 h4 26. g4 Nd6 27.
Bxd6 Rxd6 28. h3 Rb6 29. b4 Rc6 30. Rd1 Qe7 31. Rd5 Re6 32. Rc5 g6 33. Rc8+ Kg7
34. Qc4 Rd6 35. Qc3 b6 36. Rc6 Rd1 37. Rc4 Qd6 38. e4 Rd3 39. Qb2 Qf6 40. Kg1
Rd1+ 41. Kg2 Qf4 42. Qe2 Rd2 43. Qf3 Qxf3+ 44. Kxf3 Rd3+ 45. Kg2 Rxa3 46. Rc7
Ra4 47. Kf3 Rxb4 48. Rxa7 Rb3+ 49. Kg2 Kf6 50. Rc7 b5 51. Rc5 b4 52. g5+ Kxg5
53. Rxe5+ Kf4 54. Re7 Rc3 55. Rxf7+ Kxe4 56. Rf6 g5 57. Rg6 Rc5 58. Rb6 Rc4 59.
Rb5 Kd3 60. Rxg5 b3 61. Kf3 b2 0-1

[Event "Europa ch Femenino 2013"]
[Site "Belgrado SER"]
[Date "2013.07.28"]
[Round "6.9"]
[White "Atalik, Ekaterina"]
[Black "Videnova, Iva"]
[Result "1-0"]
[WhiteElo "2430"]
[BlackElo "2301"]
[PlyCount "63"]
[EventDate "2013.07.23"]
[EventType "swiss"]
[EventRounds "11"]
[EventCountry "SER"]
[Source "lmi"]
[SourceDate "2013.07.22"]

1. d4 Nf6 2. c4 g6 3. Nc3 d5 4. cxd5 Nxd5 5. e4 Nxc3 6. bxc3 Bg7 7. Bb5+ c6 8.
Ba4 O-O 9. Ne2 c5 10. O-O b6 11. Be3 Ba6 12. e5 e6 13. Re1 b5 14. Bc2 Nc6 15.
Nf4 cxd4 16. cxd4 Rc8 17. Be4 Bb7 18. Rb1 Qa5 19. Nh5 gxh5 20. Qxh5 f5 21. exf6
Rxf6 22. d5 Ne7 23. Bxh7+ Kf8 24. d6 Nf5 25. d7 Rd8 26. Bg5 Rf7 27. Bxf5 Qxa2
28. Bxd8 Qd5 29. Qxf7+ Kxf7 30. Bxe6+ Qxe6 31. Rxe6 Kxe6 32. Rxb5 1-0

[Event "Europa ch Femenino 2013"]
[Site "Belgrado SER"]
[Date "2013.07.28"]
[Round "6.10"]
[White "Kovalevskaya, Ekaterina"]
[Black "Olsarova, Karolina"]
[Result "1-0"]
[WhiteElo "2407"]
[BlackElo "2246"]
[PlyCount "115"]
[EventDate "2013.07.23"]
[EventType "swiss"]
[EventRounds "11"]
[EventCountry "SER"]
[Source "lmi"]
[SourceDate "2013.07.22"]

1. e4 e5 2. Nf3 Nc6 3. Nc3 Nf6 4. g3 d5 5. exd5 Nxd5 6. Bg2 Be6 7. O-O Bb4 8.
Ng5 Qxg5 9. Nxd5 Bd6 10. d4 Qd8 11. c3 O-O 12. Ne3 exd4 13. cxd4 Bc8 14. b3 Qf6
15. Bb2 Rd8 16. Nc4 Bf8 17. d5 Qh6 18. Qf3 Ne7 19. Rfd1 Nf5 20. Rac1 Bc5 21.
Re1 Rf8 22. Rcd1 Nd6 23. Ne5 a5 24. Bc1 Qf6 25. Qxf6 gxf6 26. Nd3 Bb6 27. Bb2
Bg4 28. Rc1 Kg7 29. Nf4 Rfe8 30. h3 Bf5 31. Nh5+ Kg6 32. g4 Rxe1+ 33. Rxe1 Bd7
34. Nxf6 Bb5 35. a4 Bd3 36. Nd7 Bc2 37. h4 h5 38. gxh5+ Kxh5 39. Re5+ Kxh4 40.
Bf3 Rg8+ 41. Kh2 Rg5 42. Nxb6 cxb6 43. Re3 Rg6 44. Be5 Kg5 45. Bg2 Rh6+ 46. Rh3
Nf5 47. f4+ Kg6 48. d6 Nxd6 49. Rxh6+ Kxh6 50. Bxd6 Bxb3 51. Bc7 Bxa4 52. Bxb6
Bd7 53. Bxa5 b5 54. Kg3 Kg6 55. Be4+ Kf6 56. Kf3 Ke6 57. Ke3 Kd6 58. Kd4 1-0

[Event "Europa ch Femenino 2013"]
[Site "Belgrado SER"]
[Date "2013.07.28"]
[Round "6.11"]
[White "Ziaziulkina, Nastassia"]
[Black "Batsiashvili, Nino"]
[Result "1/2-1/2"]
[WhiteElo "2321"]
[BlackElo "2405"]
[PlyCount "81"]
[EventDate "2013.07.23"]
[EventType "swiss"]
[EventRounds "11"]
[EventCountry "SER"]
[Source "lmi"]
[SourceDate "2013.07.22"]

1. e4 c6 2. d4 d5 3. Nc3 dxe4 4. Nxe4 Bf5 5. Ng3 Bg6 6. h4 h6 7. Nf3 Nd7 8. h5
Bh7 9. Bd3 Bxd3 10. Qxd3 e6 11. Bd2 Ngf6 12. O-O-O Bd6 13. Ne4 Nxe4 14. Qxe4
Qe7 15. Kb1 Bc7 16. c4 O-O-O 17. Bc3 Nb6 18. b3 Rhe8 19. Rd3 Kb8 20. Rhd1 Nd7
21. Qe2 Qf8 22. g3 Qg8 23. Kb2 Qh7 24. g4 f5 25. Ne5 fxg4 26. Nxd7+ Rxd7 27.
Qxg4 Rf7 28. f3 Rf5 29. Re3 Qg8 30. Rde1 Qf7 31. Qg6 Kc8 32. Qxf7 Rxf7 33. d5
cxd5 34. cxd5 e5 35. Bxe5 Rxe5 36. Rxe5 Bxe5+ 37. Rxe5 Rxf3 38. Re7 Rd3 39.
Rxg7 Rxd5 40. Rg8+ Kc7 41. Rg7+ 1/2-1/2

[Event "Europa ch Femenino 2013"]
[Site "Belgrado SER"]
[Date "2013.07.28"]
[Round "6.12"]
[White "Bronnikova, Elizaveta"]
[Black "Vega Gutierrez, Sabrina"]
[Result "0-1"]
[WhiteElo "2245"]
[BlackElo "2402"]
[PlyCount "86"]
[EventDate "2013.07.23"]
[EventType "swiss"]
[EventRounds "11"]
[EventCountry "SER"]
[Source "lmi"]
[SourceDate "2013.07.22"]

1. e4 e5 2. Nf3 d6 3. d4 exd4 4. Nxd4 Nf6 5. Nc3 Be7 6. Be2 O-O 7. O-O Re8 8.
f4 c5 9. Nb3 Nc6 10. Bf3 a5 11. a4 Be6 12. Nd5 Nb4 13. Nxe7+ Rxe7 14. c3 Bxb3
15. Qxb3 Nd3 16. Be3 Nxe4 17. Qd5 Nxb2 18. Bxe4 Qe8 19. Bc1 Nxa4 20. Bf3 Nxc3
21. Qxd6 Ne2+ 22. Kh1 Nd4 23. Bd5 Re1 24. Ba3 Rxa1 25. Rxa1 Nc2 26. Rc1 Nxa3
27. Qxc5 Rd8 28. Bxb7 Qb5 29. Qc7 Rf8 30. Bc6 Qb4 31. Bd5 Nb5 32. Qb7 Qxf4 33.
Qc6 g6 34. g3 Qb4 35. Rf1 Nd6 36. Rf4 Qe1+ 37. Kg2 Nf5 38. Re4 Qd2+ 39. Kh3 Kg7
40. Ra4 Ne7 41. Qc5 Nxd5 42. Rd4 Qh6+ 43. Rh4 Qg5 0-1

[Event "Europa ch Femenino 2013"]
[Site "Belgrado SER"]
[Date "2013.07.28"]
[Round "6.2"]
[White "Lomineishvili, Maia"]
[Black "Makropoulou, Marina"]
[Result "1-0"]
[WhiteElo "2351"]
[BlackElo "2220"]
[PlyCount "111"]
[EventDate "2013.07.23"]
[EventType "swiss"]
[EventRounds "11"]
[EventCountry "SER"]
[Source "lmi"]
[SourceDate "2013.07.22"]

1. d4 Nf6 2. Nf3 e6 3. Bf4 b6 4. e3 Bb7 5. h3 Be7 6. Bd3 Ne4 7. Nbd2 d5 8. c3
Nd7 9. Qc2 f5 10. g4 g6 11. gxf5 exf5 12. h4 Bf6 13. Rh2 c5 14. Bb5 a6 15.
Bxd7+ Qxd7 16. Be5 Rf8 17. Bxf6 Nxf6 18. Ne5 Qc7 19. Ndf3 O-O-O 20. O-O-O Kb8
21. Nd3 Qd6 22. Nf4 Rde8 23. h5 Ng4 24. Rg2 Rxe3 25. fxe3 Nxe3 26. Qd2 Qxf4 27.
Re2 Qxf3 28. Rxe3 Qxh5 29. dxc5 bxc5 30. Re7 f4 31. Qf2 d4 32. cxd4 f3 33. Qg3+
Ka8 34. Qc7 Rb8 35. dxc5 f2 36. Rf7 Qg5+ 37. Kb1 Qg1 38. Qd7 Qg2 39. Ka1 h5 40.
Qd4 h4 41. Rxf2 Qg3 42. Rf7 Rc8 43. Qb4 Qg2 44. Qxh4 Rxc5 45. Rf8+ Bc8 46. a3
a5 47. Qd4 Qc2 48. Re1 Qc4 49. Qd6 Rc6 50. Qd8 Qc5 51. Rf3 Rd6 52. Qh8 Ka7 53.
Rc3 Qf2 54. Re7+ Bb7 55. Rxb7+ Kxb7 56. Qc8+ 1-0

[Event "Europa ch Femenino 2013"]
[Site "Belgrado SER"]
[Date "2013.07.28"]
[Round "6.3"]
[White "Muzychuk, Mariya"]
[Black "Olsarova, Tereza"]
[Result "1-0"]
[WhiteElo "2484"]
[BlackElo "2203"]
[PlyCount "47"]
[EventDate "2013.07.23"]
[EventType "swiss"]
[EventRounds "11"]
[EventCountry "SER"]
[Source "lmi"]
[SourceDate "2013.07.22"]

1. d4 d5 2. c4 c6 3. Nf3 Nf6 4. e3 Bf5 5. Nc3 e6 6. Nh4 Bg6 7. Nxg6 hxg6 8. Qb3
Qc7 9. g3 Nbd7 10. Bg2 Bd6 11. Bd2 Rc8 12. e4 e5 13. c5 Bf8 14. exd5 exd4 15.
d6 Qb8 16. O-O Nxc5 17. Rfe1+ Kd8 18. Qxf7 Qxd6 19. Bg5 Be7 20. Rad1 Rf8 21.
Qxg6 Ne6 22. Ne4 Nxe4 23. Bxe7+ Qxe7 24. Qxe4 1-0

[Event "Europa ch Femenino 2013"]
[Site "Belgrado SER"]
[Date "2013.07.28"]
[Round "6.4"]
[White "Paehtz, Elisabeth"]
[Black "Mikadze, Miranda"]
[Result "1-0"]
[WhiteElo "2454"]
[BlackElo "2314"]
[PlyCount "97"]
[EventDate "2013.07.23"]
[EventType "swiss"]
[EventRounds "11"]
[EventCountry "SER"]
[Source "lmi"]
[SourceDate "2013.07.22"]

1. d4 d5 2. c4 c6 3. Nf3 Nf6 4. e3 Bf5 5. Nc3 e6 6. Nh4 Bg4 7. Qb3 Qc7 8. h3
Bh5 9. g4 Bg6 10. Nxg6 hxg6 11. Bg2 Nbd7 12. cxd5 Nxd5 13. e4 N5b6 14. Be3 a5
15. O-O Be7 16. Rac1 a4 17. Qc2 Ra5 18. Qe2 O-O 19. Bd2 Bb4 20. a3 Bxc3 21.
Bxc3 Raa8 22. g5 Nc8 23. Qg4 Re8 24. h4 Nd6 25. Rfd1 Nf8 26. Bb4 Nb5 27. Bf1
Qb6 28. Bc5 Qa5 29. e5 Rad8 30. Rd3 Nd7 31. Bb4 Qb6 32. h5 c5 33. dxc5 Qc7 34.
f4 Na7 35. hxg6 fxg6 36. Rd6 Nf8 37. Bc4 Nc6 38. Rcd1 Re7 39. Kh2 Rb8 40. Qf3
Kf7 41. Kg3 Rc8 42. Bb5 Nd7 43. Bxa4 Ndb8 44. Bb3 Na6 45. Qe4 Ncb8 46. Bc2 Nxc5
47. Qxg6+ Kf8 48. Bxc5 Qxc5 49. Rd8+ 1-0

[Event "Europa ch Femenino 2013"]
[Site "Belgrado SER"]
[Date "2013.07.28"]
[Round "6.6"]
[White "Voicu-Jagodzinsky, Carmen"]
[Black "Matnadze, Ana"]
[Result "1-0"]
[WhiteElo "2296"]
[BlackElo "2412"]
[PlyCount "119"]
[EventDate "2013.07.23"]
[EventType "swiss"]
[EventRounds "11"]
[EventCountry "SER"]
[Source "lmi"]
[SourceDate "2013.07.22"]

1. e4 e5 2. Nf3 Nc6 3. Bc4 h6 4. c3 Nf6 5. d4 d6 6. Nbd2 Be7 7. h3 O-O 8. Bd3
Re8 9. O-O Bf8 10. Re1 g6 11. Nf1 Nh5 12. N1h2 Nf4 13. Bf1 Bg7 14. Be3 g5 15.
Qd2 exd4 16. Bxd4 Ne5 17. Kh1 Qe7 18. Ng1 Ne6 19. Bxe5 dxe5 20. Rad1 Rd8 21.
Qc2 Bd7 22. Ng4 Nf4 23. Ne3 c6 24. g3 Ng6 25. Be2 Be6 26. Bg4 b5 27. Ne2 a5 28.
Nc1 a4 29. Kg2 Bf8 30. Qe2 b4 31. Bxe6 fxe6 32. cxb4 Qxb4 33. Qg4 Qe7 34. h4
Re8 35. Nd3 Bg7 36. Nc4 Rab8 37. h5 Nf8 38. Qe2 Nd7 39. Rd2 Rb5 40. Red1 Rf8
41. a3 Nb8 42. Ne1 Rb3 43. Rd6 Qf6 44. R1d2 Re8 45. Nf3 Rb5 46. Qd1 Kh7 47.
Qxa4 Rf8 48. Qd1 Qf7 49. Nh2 Rc5 50. b3 Qb7 51. Rxe6 Qf7 52. Rg6 Qe7 53. Ng4
Rf7 54. Nd6 Rf8 55. Nf5 Rxf5 56. exf5 Qf7 57. Rd8 Rb5 58. Qd6 Qd5+ 59. Qxd5
cxd5 60. f6 1-0